=LDR 00000nam 2200000 4500 =001 INLIS000000000013977 =005 20130612105302 =008 ***********************************Ind** =035 ##$$0010-061300000013977 =041 ##$$a Ind =082 ##$$a F Rom D =090 ##$$a F Rom D, Asi s =100 ##$$a Asiza, Fahri =245 ##$$a Sandera, Fahri Asiza =260 ##$$a 2003 $b Bandung =300 ##$$a 252 hlm, 17 cm =650 ##$$a Fiksi dewasa =850 ##$$a NBPNMAT